Notebooks on the agrarian question 1900-1916

Spremljeno u:
Bibliografski detalji
Glavni autor: Lenin, V. I.
Format: Knjiga
Jezik:Undetermined
Izdano: Moscow Progress Publishers 1968
Teme:
Oznake: Dodaj oznaku
Bez oznaka, Budi prvi tko označuje ovaj zapis!
Thư viện lưu trữ: Trung tâm Học liệu Trường Đại học Cần Thơ
LEADER 00510nam a2200181Ia 4500
001 CTU_80424
008 210402s9999 xx 000 0 und d
082 |a 335.4 
082 |b L566/ Vol.40 
100 |a Lenin, V. I. 
245 0 |a Notebooks on the agrarian question 1900-1916 
245 0 |c V. I. Lenin 
260 |a Moscow 
260 |b Progress Publishers 
260 |c 1968 
650 |a Communism,Economic,V. I. Lenin 
904 |i Trọng Hải 
980 |a Trung tâm Học liệu Trường Đại học Cần Thơ